Ведомости о числе умерших по Владимирской и Енисейской губерниям за 1913 г.

RUSMARC
00006193cbc2a2200000#x 450
0016abe1ac1d6ff4d6080ab3eb7cb55e8e2
00520180410113908.0
100##$a20131007l19131913k y0rusy0189 ca
1010#$arus
102##$aRU
251##$cДело
2250#$aФонд Центральный статистический комитет МВД
$hОпись № 4
300##$aРукописный текст. Чернила
324##$aМикрофиши
801#0$aRU
$bРГИА
$c20131007
801#1$aRU
$bГлавНИВЦ
$c20131007
$2rusmarc
801#2$aRU
$bПБ им. Б.Н. Ельцина
$c20131008
$gRCR
$2rusmarc
850##$aФедеральное казенное учреждение "Российский государственный исторический архив" (РГИА)
852##$aРГИА
$j639
937##$aASBIBLIO_SCAN
$bРГИА_1290:_4:_639:
$d1132581
$hРГИА
2001#$aВедомости о числе умерших по Владимирской и Енисейской губерниям за 1913 г.
$j1913
215##$a82 листов
035##$a6abe1ac1d6ff4d6080ab3eb7cb55e8e2
1220#$ad1913######
461#0$1001eb526daf-bdae-4646-bff8-fbb6e04322ec
$12001
$aЦентральный статистический комитет МВД
$1251
$cФонд
$1852
$j1290
462#0$10016c391976-71f3-4ecf-b4eb-e27bc4882cd5
$12001
$a1835-1917 гг.
$vД. 639
$1251
$cОпись
$1852
$j4
605##$2acquisition_Prlib
$3DITM\AF\0000003834
$aНарод
$lколлекция
605##$aТерритория
$lколлекция
$2acquisition_Prlib
$3DITM\AF\0000004675
605##$aТерритория России: Владимирская область
$lколлекция
$2acquisition_Prlib
$3LIBNET\UAF\0000046564
605##$aВладимирская область: страницы истории
$lколлекция
$2acquisition_Prlib
$3LIBNET\UAF\0000053709
605##$aТерритория России: Красноярский край
$lколлекция
$2acquisition_Prlib
$3LIBNET\UAF\0000060405
617##$2prlib_sh
$cВладимирская область
617##$cВладимирская губерния
$2prlib_sh
617##$cЕнисейская губерния
$2prlib_sh
617##$cКрасноярский край
$2prlib_sh
686##$2rubbk
$a60.73(28-8Вла)5-4ю1
$vLBC/M
686##$a60.73(28-8Ени)5-4ю1
$vLBC/M
$2rubbk
6061#$2prlib_sh
$3LIBNET\UAF\0000074218
$aНаселение
$jДокументы и материалы
$xДвижение
$yВладимирская губерния
6061#$2prlib_sh
$3DITM\AF\0000002512
$aНаселение
$jДокументы и материалы
$xДвижение
$yЕнисейская губерния
$zнач. 20 в.
Формат отображения